Gente feliz / (Record no. 134170)

MARC details
000 -LEADER
campo de control de longitud fija 00833nam a22002651 4500
001 - NÚMERO DE CONTROL
campo de control 134170
003 - IDENTIFICADOR DE NÚMERO DE CONTROL
campo de control ES-MaACL
005 - FECHA Y HORA DE LA ÚLTIMA TRANSACCIÓN
campo de control 20250807224948.0
007 - CAMPO FIJO DE DESCRIPCIÓN FÍSICA--INFORMACIÓN GENERAL
campo de control de longitud fija t|
008 - DATOS DE LONGITUD FIJA--INFORMACIÓN GENERAL
campo de control de longitud fija 070906s1960 sp ||||0| spa d
016 7# - NÚMERO DE CONTROL DE UNA AGENCIA BIBLIOGRÁFICA NACIONAL
Número de control cancelado/no válido IND2000943723
040 ## - FUENTE DE CATALOGACIÓN
Centro catalogador/agencia de origen M-BN
Lengua de catalogación spa
Centro/agencia transcriptor CDM
080 ## - NÚMERO DE LA CLASIFICACIÓN DECIMAL UNIVERSAL
Número de la Clasificación Decimal Universal 173.1(04)
100 1# - ENTRADA PRINCIPAL--NOMBRE DE PERSONA
Nombre de persona Weyergans, Franz.
9 (RLIN) 116599
245 10 - MENCIÓN DEL TÍTULO
Título Gente feliz /
Mención de responsabilidad, etc. Franz Weyergans ; [traducción... por Blanca Escudero Bravo].
260 ## - PUBLICACIÓN, DISTRIBUCIÓN, ETC.
Lugar de publicación, distribución, etc. Madrid :
Nombre del editor, distribuidor, etc. Euramérica,
Fecha de publicación, distribución, etc. [1960] (
Fabricante Nebrija)
300 ## - DESCRIPCIÓN FÍSICA
Extensión 168 p., 1 h ;
Dimensiones 18 cm.
490 1# - MENCIÓN DE SERIE
Mención de serie Matrimonio y hogar ;
Designación de volumen o secuencia 8
650 17 - PUNTO DE ACCESO ADICIONAL DE MATERIA--TÉRMINO DE MATERIA
Término de materia o nombre geográfico como elemento de entrada Matrimonio
Fuente del encabezamiento o término embne
9 (RLIN) 14855
650 17 - PUNTO DE ACCESO ADICIONAL DE MATERIA--TÉRMINO DE MATERIA
Término de materia o nombre geográfico como elemento de entrada Relaciones marido mujer
Fuente del encabezamiento o término embne
9 (RLIN) 16791
700 1# - ENTRADA AGREGADA--NOMBRE PERSONAL
Nombre de persona Escudero Bravo, Blanca.
9 (RLIN) 47701
830 00 - PUNTO DE ACCESO ADICIONAL DE SERIE-TÍTULO UNIFORME
Título uniforme Matrimonio y hogar
Designación de volumen o secuencia 8
9 (RLIN) 181380
852 ## - LOCALIZACIÓN
Ubicación ES-MaACL
Número de control de estantería C-19765
Sublocalización o colección R.47025
Holdings
Estatus retirado Estado de pérdida Estado de daño No para préstamo Biblioteca de origen Biblioteca actual Ubicación en estantería Fecha de adquisición Fuente de adquisición Total de préstamos Signatura topográfica completa Código de barras Visto por última vez Precio de reemplazo Tipo de ítem Koha
        Biblioteca del Ateneo de Madrid Biblioteca del Ateneo de Madrid Galería 17/01/2008     C-19765 1139663 23/02/2023 23/02/2023 Libro impreso